私鉄線のみ電化している駅 - Statistics

General Stats
  • This quiz has been taken 295 times
    275 since last reset
  • The average score is 10 of 17
Answer Stats
Hint Answer % Correct
埼玉県 小川町
77%
埼玉県 寄居
76%
三重県 松阪
76%
三重県 鳥羽
76%
三重県
73%
三重県 伊勢市
73%
埼玉県 越生
64%
富山県 高岡
59%
青森県 野辺地
57%
福井県 越前花堂
57%
三重県 伊賀上野
56%
長野県 小諸
54%
岩手県 好摩
53%
長野県 豊野
49%
新潟県 十日町
46%
福岡県 和白
17%
鹿児島県 谷山
15%
No matching quizzes found
Score Distribution
Percent of People with Each Score
Percentile by Number Answered
Your Score History
You have not taken this quiz since the last reset